00314nam a2200109Ia 4500008004100000020001800041041000800059100001600067245006900083260004400152300000800196230822s2014 xx 000 0 und d a9790000000000 aeng aAALTONEN G. aTHE HISTORY OF ARCHITECTURE ICONIC BUILDINGS THROUGHOUT THE AGES bARCTURUS PUBLICATIONS LTD, LONDONc2014 a132